000
00348 a2200157 4500
001
192169
020
_a
978-85-305-0671-1
040
_c
Magnum
100
_a
Aguiar, Luiz Antonio
240
1
0
_a
Mitos da civilização
_l
por
245
1
0
_a
Mitos da civilização
300
_a
107
362
0
_a
2011
697
_a
LITERATURA JUVENIL
942
_c
BK
999
_c
192169
_d
192169